000 00323nam a22001337a 4500
003 macl
005 20191130162223.0
008 191130b xxu||||| |||| 00| 0 eng d
040 _cmacl
245 _aTipu Sultan: villaon or Hero?
260 _aDelhi
_bVoice of India
_c2018
650 _aBiography
_977386
942 _2ddc
_cBK
999 _c61472
_d61472